Úvod do studia politické vědy

Gespeichert in:
Bibliographische Detailangaben
1. Verfasser: Cabada, Ladislav
Weitere Verfasser: Kubát, Michal
Format: Buch
Sprache:Tschechisch
Veröffentlicht: Praha EUROLEX Bohemia 2002
Schriftenreihe:Politologie
Schlagworte:
Tags: Tag hinzufügen
Keine Tags, Fügen Sie das erste Tag hinzu!

MARC

LEADER 00000nam a2200000 4500
001 c142581
005 20221124094906.2
020 |a 80-86432-41-6 
041 0 |a cze 
044 |a CZ 
245 1 0 |a Úvod do studia politické vědy  |c Ladislav Cabada, Michal Kubát a kolektiv 
264 1 |a Praha  |b EUROLEX Bohemia  |c 2002 
300 |a 445 s. 
490 1 |a Politologie 
830 0 |a Politologie 
610 2 0 |a veda 
610 2 0 |a politika 
610 2 0 |a politológia 
610 2 0 |a filozofia 
610 2 0 |a metodológia 
610 2 0 |a ideológia 
610 2 0 |a systémy politické 
610 2 0 |a vláda 
610 2 0 |a strany politické 
610 2 0 |a voľby 
610 2 0 |a sociológia 
610 2 0 |a demokracia 
610 2 0 |a antropológia 
610 2 0 |a geografia 
100 1 |a Cabada, Ladislav 
700 1 |a Kubát, Michal